00473 2200169 4500245010800000020002300108250001100131100001500142700001500157650001800172005001900190260003900209041001400248084001000262300002200272336000900294 aSelf - Change b : Apa yang Perlu Kita Audit Jika Nasib Kita Ternyata Masih Keliru ?cAN. UbaedyhText a978-979-151-85-0-5 aCet. 1 aAN. Ubaedy aA. S. Bani aMotivasi Diri a20230327131423 aJakartabBee Media Indonesiac2010 aIndonesia a153.8 a142 hlm. :cilus. atext